Die Dokumente des Zweiten Vatikanischen Konzils : (Record n. 17032)
[ formato base ]
| 000 -LEADER | |
|---|---|
| fixed length control field | 01110cam a2200277 i 4500 |
| 003 - CONTROL NUMBER IDENTIFIER | |
| control field | IT-RoINE |
| 005 - DATE AND TIME OF LATEST TRANSACTION | |
| control field | 20220531104511.0 |
| 008 - FIXED-LENGTH DATA ELEMENTS--GENERAL INFORMATION | |
| fixed length control field | 050107s2004 gw r |01 | ger d |
| 020 ## - INTERNATIONAL STANDARD BOOK NUMBER | |
| International Standard Book Number | 3451285304 (v. 1) |
| 040 ## - CATALOGING SOURCE | |
| Original cataloging agency | DLC |
| Transcribing agency | DLC |
| Modifying agency | DLC |
| -- | IT-RoINE |
| 041 1# - LANGUAGE CODE | |
| Language code of text/sound track or separate title | ger |
| -- | lat |
| Language code of original and/or intermediate translations of text | lat |
| 111 2# - MAIN ENTRY--MEETING NAME | |
| Meeting name or jurisdiction name as entry element | Concilio Vaticano |
| Number of part/section/meeting | (2º. |
| Date of meeting | 1962-1965) |
| 9 (RLIN) | 3670 |
| 245 14 - TITLE STATEMENT | |
| Title | Die Dokumente des Zweiten Vatikanischen Konzils : |
| Remainder of title | Konstitutionen, Dekrete, Erklärungen : lateinisch-deutsche Studienausgabe / |
| Statement of responsibility, etc | herausgegeben von Peter Hünermann. |
| 260 ## - PUBLICATION, DISTRIBUTION, ETC. (IMPRINT) | |
| Place of publication, distribution, etc | Freiburg im Breisgau : |
| -- | Basel : |
| -- | Wien : |
| Name of publisher, distributor, etc | Herder, |
| Date of publication, distribution, etc | 2004. |
| 300 ## - PHYSICAL DESCRIPTION | |
| Extent | XI, 956 p. ; |
| Dimensions | 25 cm. |
| 336 ## - CONTENT TYPE | |
| Source | rdacontent |
| Content type term | text |
| 337 ## - MEDIA TYPE | |
| Source | rdamedia |
| Media type term | unmediated |
| 338 ## - CARRIER TYPE | |
| Source | rdacarrier |
| Carrier type term | volume |
| 490 1# - SERIES STATEMENT | |
| Series statement | Herders theologischer Kommentar zum Zweiten Vatikanischen Konzil ; |
| Volume number/sequential designation | 1 |
| 500 ## - GENERAL NOTE | |
| General note | Incluye índices. |
| 504 ## - BIBLIOGRAPHY, ETC. NOTE | |
| Bibliography, etc | Incluye referencias bibliográficas. |
| 546 ## - LANGUAGE NOTE | |
| Language note | Texto en latín y traducción en alemán. |
| 700 1# - ADDED ENTRY--PERSONAL NAME | |
| 9 (RLIN) | 34006 |
| Personal name | Hünermann, Peter, |
| Dates associated with a name | 1929- |
| 830 #0 - SERIES ADDED ENTRY--UNIFORM TITLE | |
| Uniform title | Herders theologischer Kommentar zum Zweiten Vatikanischen Konzil ; |
| 9 (RLIN) | 34007 |
| Volume number/sequential designation | 1 |
| 942 ## - ADDED ENTRY ELEMENTS (KOHA) | |
| Item type | Monografías |
| Withdrawn status | Lost status | Damaged status | Not for loan | Home library | Current library | Date acquired | Total Checkouts | Full call number | Barcode | Date last seen | Price effective from | Koha item type |
|---|---|---|---|---|---|---|---|---|---|---|---|---|
| Iglesia Nacional Española en Roma | Iglesia Nacional Española en Roma | 26/04/2017 | CON 1.1 | 40088 | 26/04/2017 | 26/04/2017 | Monografías |